000 00445nam a2200145Ia 4500
008 211109s9999||||xx |||||||||||||| ||und||
082 _a891.433
_bVER-P
100 _aVerma, Amarkant
245 0 _aPratinidhi Kahaniya
260 _bVANI Prakasan
_aDelhi
_c1994
300 _a139p.
630 _xgeneral stack
650 _aLiterature & rhetoric
_vLiteratures of other languages
_x East Indo-European & Celtic literaturesGeneralia
942 _cBOOK
999 _c53667
_d53667